Statistics for Can you name all the DreamSMP members?

Click here to take the quiz!

General Stats

  • This quiz has been taken 375 times
  • The average score is 25 of 33

Answer Stats

Answer% Correct
1Dream
100%
2George
98%
12Tommy
98%
3Sapnap
97%
13Tubbo
97%
7Wilbur
92%
6Quackity
89%
8Ranboo
89%
11Techno
88%
31BadBoyHalo
87%
19Philza
85%
33Fundy
82%
20Niki
82%
14Skeppy
81%
5Karl
80%
18Punz
80%
16Purpled
78%
17Ponk
74%
24Puffy
74%
32Awesamdude
72%
29Eret
69%
26Hannah
67%
23Alyssa
66%
30Antfrost
66%
21Jack Manifold
65%
22Schlatt
65%
4Callahan
64%
27Foolish
64%
9Vikkstar
58%
10Lazarbeam
54%
28Connor
52%
25Hbomb
52%
15Slimecicle
51%

Score Distribution

Percentile by Number Answered

Percent of People with Each Score

Your Score History

You have not taken this quiz